Eldercare strategies : (Record no. 20568)
[ view plain ]
| 000 -LEADER | |
|---|---|
| fixed length control field | 00574nam a2200205 a 4500 |
| 005 - DATE AND TIME OF LATEST TRANSACTION | |
| control field | 20140310183237.0 |
| 008 - FIXED-LENGTH DATA ELEMENTS--GENERAL INFORMATION | |
| fixed length control field | 040616s19uu xx 00 eng d |
| 020 ## - INTERNATIONAL STANDARD BOOK NUMBER | |
| International Standard Book Number | 0781752426 |
| 050 ## - LIBRARY OF CONGRESS CALL NUMBER | |
| Classification number | RC 954 |
| Item number | .El42 2003 |
| 245 ## - TITLE STATEMENT | |
| Title | Eldercare strategies : |
| Remainder of title | expert care plans for older adults / |
| 260 ## - PUBLICATION, DISTRIBUTION, ETC. (IMPRINT) | |
| Place of publication, distribution, etc | Philadelphia : |
| Name of publisher, distributor, etc | Lippincott Williams & Wilkins, |
| Date of publication, distribution, etc | 2003. |
| 300 ## - PHYSICAL DESCRIPTION | |
| Extent | 342 p. : |
| Dimensions | 23 cm. |
| 521 ## - TARGET AUDIENCE NOTE | |
| Target audience note | |
| 650 ## - SUBJECT ADDED ENTRY--TOPICAL TERM | |
| Topical term or geographic name as entry element | Nursing Care-Aged. |
| 650 ## - SUBJECT ADDED ENTRY--TOPICAL TERM | |
| Topical term or geographic name as entry element | Ptient Care Planning-Aged. |
| 942 ## - ADDED ENTRY ELEMENTS (KOHA) | |
| Koha item type | Books |
| Source of classification or shelving scheme | Library of Congress Classification |
| Call number prefix | Foreign |
| Withdrawn status | Lost status | Source of classification or shelving scheme | Damaged status | Home library | Current library | Shelving location | Date acquired | Source of acquisition | Cost, normal purchase price | Total Checkouts | Total Renewals | Full call number | Barcode | Date last seen | Date checked out | Copy number | Price effective from | Koha item type |
|---|---|---|---|---|---|---|---|---|---|---|---|---|---|---|---|---|---|---|
| Library of Congress Classification | Archives | Archives | 12/17/2013 | Donation | 2 | 1 | RC 954 .El42 2003 | C4837 | 01/25/2019 | 10/05/2018 | 2 | 12/17/2013 | Books | |||||
| Library of Congress Classification | College Library | College Library | General Circulation Section | 06/16/2004 | 295.00 | 2 | 1 | RC 954 .El42 2003 | C4838 | 05/15/2018 | 07/26/2016 | 1 | 10/10/2013 | Books | ||||
| Library of Congress Classification | College Library | College Library | General Circulation Section | 12/18/2013 | RC 954 .El42 2003 | C4839 | 05/15/2018 | 1 | 12/18/2013 | Books |